El muy noble y leal Valle de Soba / (Record no. 164387)

MARC details
000 -LEADER
campo de control de longitud fija 00654nam a22001695i 4500
001 - NÚMERO DE CONTROL
campo de control 164387
003 - IDENTIFICADOR DE NÚMERO DE CONTROL
campo de control ES-MaACL
005 - FECHA Y HORA DE LA ÚLTIMA TRANSACCIÓN
campo de control 20230906212927.0
008 - DATOS DE LONGITUD FIJA--INFORMACIÓN GENERAL
campo de control de longitud fija 991222s1893 sp |||| | spa d
040 ## - FUENTE DE CATALOGACIÓN
Centro catalogador/agencia de origen CCPB | B
Lengua de catalogación spa
Centro/agencia transcriptor CCPB | B
100 1# - ENTRADA PRINCIPAL--NOMBRE DE PERSONA
Nombre de persona Sáinz de los Terreros, Manuel.
9 (RLIN) 133000
245 13 - MENCIÓN DEL TÍTULO
Título El muy noble y leal Valle de Soba /
Mención de responsabilidad, etc. por Manuel Sáinz de los Terreros.
260 ## - PUBLICACIÓN, DISTRIBUCIÓN, ETC.
Lugar de publicación, distribución, etc. Madrid :
Nombre del editor, distribuidor, etc. [s.n.],
Fecha de publicación, distribución, etc. 1893 (
Fabricante R. Velasco, impresor)
300 ## - DESCRIPCIÓN FÍSICA
Extensión [10], 261, [3] p. ;
Dimensiones 19 cm.
651 #4 - PUNTO DE ACCESO ADICIONAL DE MATERIA--NOMBRE GEOGRÁFICO
Nombre geográfico Soba, Valle de (España)-
Subdivisión general Descripción.
9 (RLIN) 137368
852 ## - LOCALIZACIÓN
Ubicación ES-MaACL
Número de control de estantería T-760-F-2
Nota libre -- Enc. hol., conservando la cub. original
-- -- Enc. en un vol. facticio
Holdings
Estatus retirado Estado de pérdida Estado de daño No para préstamo Colección Biblioteca de origen Biblioteca actual Ubicación en estantería Fecha de adquisición Total de préstamos Signatura topográfica completa Código de barras Visto por última vez Precio de reemplazo Tipo de ítem Koha
        Colección de folletos Biblioteca del Ateneo de Madrid Biblioteca del Ateneo de Madrid Depósito folletos 17/01/2008   T-760-F-2 1172304 23/02/2023 23/02/2023 Folleto